ბათუმის შოთა რუსთაველის სახელმწიფო უნივერსიტეტის ბიბლიოთეკა

შესავალი მედიცინის სისხლის სამართალში / (ბიბ.ჩანაწერი № 57628)

000 -ლიდერი
ფიქსირებული სიგრძის საკონტროლო ველი 01036nam a22002297a 4500
003 - საკონტროლო ნომრის იდენტიფიკატორი
საკონტროლო ველი Ge_BSU
005 - ბოლო ოპერაციის თარიღი და დრო
საკონტროლო ველი 20210415141237.0
008 - ფიქსირებული სიგრძის მონაცემთა ელემენტები - ზოგადი ინფორმაცია
ფიქსირებული სიგრძის საკონტროლო ველი 200819s2019 ge ||||| |||| 00| 0 geo d
020 ## - წიგნის საერთაშორისო სტანდარტული ნომერი
International Standard Book Number 9789941964824
041 ## - ენის კოდი
Language code of text/sound track or separate title geo
080 ## - უნივერსალური ათობითი კლასიფიკაციის ინდექსი
Universal Decimal Classification number 340. 6 ჰ-61
100 ## - მთავარი ჩანაწერი - პიროვნების სახელი
Personal name ჰილგენდორფი, ერიკ
9 (RLIN) 9262
245 ## - ცნობა სათაურის შესახებ
Title შესავალი მედიცინის სისხლის სამართალში /
Statement of responsibility, etc ერიკ ჰილგენდორფი; თარგმ. გერმ. ქ. მჭედლიშვილი.
250 ## - გამოცემის ცნობა
Edition statement მე-2 გამოცემა
264 ## - წარმოების, გამოცემის, დისტრიბუციის და სხვა ცნობები
გამოცემის, წარმოების, დისტრიბუციის... ადგილი თბილისი:
გამოცემის, წარმოების, დისტრიბუციის... თარიღი იურისტების სამყარო,
გამოცემის, წარმოების, დისტრიბუციის... სახელწოდება 2019.
300 ## - ფიზიკური აღწერა
Extent 184 გვ.
Other physical details 25 სმ.
500 ## - ზოგადი შენიშვნა
General note პარალ სათ. გერმ.
501 ## - შენიშვნა თანმხლებ მასალაზე
With note საგნ. საძიებელი გვ.179-184
653 ## - INDEX TERM--UNCONTROLLED
Uncontrolled term სამართალი
700 ## - ADDED ENTRY--PERSONAL NAME
Personal name მჭედლიშვილი, ქ.
Relator term მთარგმნელი
9 (RLIN) 9263
942 ## - ADDED ENTRY ELEMENTS (KOHA)
Source of classification or shelving scheme
Koha item type წიგნი
ეგზემპლარები
ჩამოწერის სტატუსი დაკარგული ეგზემპლარის სტატუსი კლასიფიკაციის წყარო ან თაროზე გაწყობის სქემა დაზიანების სტატუსი არ გაიცემა მუდმივი მდებარეობა (დაცვის ადგილი) ამჟამინდელი ადგილსამყოფელი თაროზე განთავსების ადგილი შეძენის თარიღი ღირებულება, შესყიდვის ნორმალური ფასი სრული შენახვის შიფრი შტრიხკოდი ბოლო ოპერაციის თარიღი ეგზემპლარის მიმდევრობითი ნომერი (კეტერი?) ფასის ძალაში შესვლის თარიღი ეგზემპლარის სახეობა საჯარო შენიშვნა
          ბათუმის შოთა რუსთაველის სახელმწიფო უნივერსიტეტის მთავარი ბიბლიოთეკა ბათუმის შოთა რუსთაველის სახელმწიფო უნივერსიტეტის მთავარი ბიბლიოთეკა წიგნსაცავი 2020-08-19 21.00 340. 6 ჰ-61 60850 2020-08-19 60850 2020-08-19 წიგნი 21 ლ.